|
|
|
|
| LEADER |
00000cam a2200000 a 4500 |
| 001 |
107765 |
| 005 |
20230308181820.0 |
| 008 |
010040|2008 ||||||||r|||||||||||spa|| |
| 020 |
|
|
|a 9788425425219
|
| 040 |
|
|
|b spa
|
| 041 |
1 |
|
|a spa
|
| 082 |
0 |
|
|a 618.56
|
| 245 |
|
|
|a Evolución de las psicosis
|b Diferentes fases, diferentes tratamientos
|c Jan Olav Johannessen, Brian V. Martindale y Johan Cullberg editores
|h imp
|
| 264 |
|
|
|a Barcelona
|b Herder
|c 2008
|
| 300 |
|
|
|a 534 páginas:
|b ilu
|c 21,5 cm
|
| 520 |
3 |
|
|a "Este libro analiza los resultados de diversos tratamientos psicosociales destinados a ayudar a los pascientes con psicosis a recuperarse más rapidamente y a mantenerse bien durante más tiempo..."
|
| 650 |
|
|
|a Psicosis
|9 12728
|
| 650 |
|
|
|a Tratamiento de la psicosis
|9 95371
|
| 650 |
|
|
|a Psicosis tratamiento
|9 95372
|
| 700 |
1 |
|
|a Johannessen, Jan Olav
|e editor
|9 95373
|
| 700 |
1 |
|
|a Martindale, Brian V.
|e editor
|9 95374
|
| 700 |
1 |
|
|a Cullberg, Johan
|e editor
|9 95375
|
| 852 |
|
|
|a UC-CDJBV
|c SEGUNDO PISO
|f Compra
|k mariana.feican
|l 1
|m General
|p 20100405
|q 70.71
|r 2
|t 107765
|y 291129
|b 0
|d CDRC
|e CDRC
|g 618.56 SEGUNDO PISO
|z 2010-00-40
|
| 942 |
|
|
|c BK
|
| 999 |
|
|
|c 57781
|d 57781
|